| 000 | 00548nam a2200193Ia 4500 | ||
|---|---|---|---|
| 005 | 20250317130116.0 | ||
| 008 | 008 250317s9999 xx 000 0 eng d | ||
| 020 | _a0-631-16175-9 | ||
| 037 | _aTextbook | ||
| 040 |
_aFMSL _beng _cFMSL |
||
| 041 |
_aeng _2eng |
||
| 084 |
_aX8(A):8 M8 _qFMSL |
||
| 100 |
_aDemsetz Harold _9249866 |
||
| 245 | 0 | _aOwnership control and the firm | |
| 260 |
_aNew York _bNew York, Basil Blackwell _c1988 |
||
| 300 | _a300p | ||
| 942 |
_cTB _hX8(A):8 M8 |
||
| 999 |
_c1262332 _d1262332 |
||